[Event "CZE-chT2B 1920"]
[Site "Czech Republic"]
[Date "2020.06.28"]
[Round "11.4"]
[White "Orsagova, Silvie"]
[Black "Reitingerova, Iveta"]
[Result "1/2-1/2"]
[WhiteElo "2136"]
[BlackElo "2044"]
[PlyCount "38"]
[EventDate "2019.10.13"]
[EventType "team-tourn"]
[EventRounds "11"]
[EventCountry "CZE"]
[SourceTitle "EXT 2024"]
[Source "ChessBase"]
[SourceDate "2023.10.10"]
[SourceVersion "1"]
[SourceVersionDate "2023.10.10"]
[SourceQuality "1"]
[WhiteTeam "Praha Dukla"]
[BlackTeam "Litomerice"]
[WhiteTeamCountry "CZE"]
[BlackTeamCountry "CZE"]

1. d4 Nf6 2. Nf3 g6 3. c4 Bg7 4. Bg5 0-0 5. Nc3 d6 6. Qc2 Nbd7 7. e3 c6 8. Be2 Re8 9. 0-0 e5 10. Rfd1 Qc7 11. b4 Nf8 12. dxe5 dxe5 13. Bxf6 Bxf6 14. Ne4 Bg7 15. c5 Bf5 16. Nfd2 a5 17. a3 axb4 18. axb4 b6 19. g4 Be6 1/2-1/2

[Event "CZE-chT2B 1819"]
[Site "Czech Republic"]
[Date "2018.11.04"]
[Round "2.3"]
[White "Formanek, Martin"]
[Black "Reitingerova, Iveta"]
[Result "1/2-1/2"]
[WhiteElo "2247"]
[BlackElo "2052"]
[PlyCount "43"]
[EventDate "2018.10.14"]
[EventType "team-tourn"]
[EventRounds "11"]
[EventCountry "CZE"]
[SourceTitle "EXT 2022"]
[Source "ChessBase"]
[SourceDate "2021.10.06"]
[SourceVersion "1"]
[SourceVersionDate "2021.10.06"]
[SourceQuality "1"]
[WhiteTeam "Kobylisy"]
[BlackTeam "Louny Union"]
[WhiteTeamCountry "CZE"]
[BlackTeamCountry "CZE"]

1. Nf3 d6 2. e4 Nf6 3. Nc3 g6 4. d4 Bg7 5. h3 0-0 6. Be3 c6 7. a4 Qa5 8. Bd3 Nbd7 9. 0-0 e5 10. Qd2 Re8 11. dxe5 dxe5 12. Rfb1 Qc7 13. b4 b6 14. Bc4 Nf8 15. Rd1 Be6 16. Qe2 Bxc4 17. Qxc4 Ne6 18. Rd2 Red8 19. Rad1 Rxd2 20. Rxd2 Ne8 21. Qb3 Rd8 22. Rxd8 1/2-1/2

[Event "CZE-chT2A 1718"]
[Site "Czech Republic"]
[Date "2017.10.15"]
[Round "1.6"]
[White "Reitingerova, Iveta"]
[Black "Markovic, Milan2"]
[Result "0-1"]
[WhiteElo "2008"]
[BlackElo "2171"]
[PlyCount "80"]
[EventDate "2017.10.15"]
[EventType "team-tourn"]
[EventRounds "11"]
[EventCountry "CZE"]
[SourceTitle "EXT 2022"]
[Source "ChessBase"]
[SourceDate "2021.10.06"]
[SourceVersion "1"]
[SourceVersionDate "2021.10.06"]
[SourceQuality "1"]
[WhiteTeam "Most Chess"]
[BlackTeam "Praha Vrsovice"]
[WhiteTeamCountry "CZE"]
[BlackTeamCountry "CZE"]

1. e4 d5 2. exd5 Qxd5 3. d4 Nf6 4. Nf3 a6 5. Be2 Bg4 6. 0-0 e6 7. c4 Qd6 8. Qb3 Qb4 9. Qxb4 Bxb4 10. a3 Be7 11. Nc3 0-0 12. Rd1 Nbd7 13. Be3 Rfd8 14. Rac1 Rac8 15. h3 Bh5 16. b4 a5 17. c5 axb4 18. axb4 c6 19. Bf4 Ra8 20. Ra1 Bg6 21. b5 Ne4 22. Nxe4 Bxe4 23. bxc6 Bxc6 24. Rab1 Ra2 25. Bb5 Bxb5 26. Rxb5 Nxc5 27. Rdb1 Nd3 28. Rxb7 Nxf4 29. Rxe7 Nd5 30. Rd7 Raa8 31. Rbb7 Rxd7 32. Rxd7 f6 33. Nd2 Ra4 34. Nb3 Nf4 35. Kh2 Ra2 36. Nc5 Rxf2 37. Kg3 Rf1 38. Re7 Ne2+ 39. Kh2 Nxd4 40. Rd7 e5 0-1

[Event "CZE-ch Juniors op-A"]
[Site "Sec u Chrudimi"]
[Date "2007.03.13"]
[Round "5"]
[White "Reitingerova, Iveta"]
[Black "Hlavacek, Pavel"]
[Result "0-1"]
[WhiteElo "1988"]
[BlackElo "1766"]
[PlyCount "98"]
[EventDate "2007.03.10"]
[EventType "swiss"]
[EventRounds "9"]
[EventCountry "CZE"]
[SourceTitle "EXT 2008"]
[Source "ChessBase"]
[SourceDate "2007.11.25"]
[SourceVersion "1"]
[SourceVersionDate "2007.11.25"]
[SourceQuality "1"]

1. e4 e5 2. Nf3 Nc6 3. d4 exd4 4. Bc4 Bc5 5. 0-0 d6 6. Re1 Ne5 7. c3 Nxc4 8. cxd4 Nb6 9. dxc5 dxc5 10. Qc2 Qe7 11. Bg5 f6 12. Be3 Nd7 13. Nc3 c6 14. Na4 c4 15. Qxc4 Ne5 16. Nxe5 fxe5 17. Bc5 Qg5 18. Qc3 Ne7 19. Bd6 Ng6 20. Nc5 h5 21. Re3 h4 22. h3 Rh5 23. Qb3 Rh8 24. Ne6 Bxe6 25. Qxe6+ Kd8 26. Rd3 Qxg2+ 27. Kxg2 Nf4+ 28. Kf1 Nxe6 29. Bxe5+ Ke7 30. Rad1 Rad8 31. Bd6+ Kf7 32. f4 g6 33. Kf2 Rd7 34. Ke3 Rhd8 35. Be5 Rxd3+ 36. Rxd3 Rxd3+ 37. Kxd3 Nf8 38. Ke3 Ke6 39. Bd4 a5 40. Kf3 Nd7 41. Kg4 b5 42. Kxh4 c5 43. Be3 c4 44. Bd2 b4 45. a3 c3 46. bxc3 b3 47. Bc1 Nc5 48. Kg5 Nd3 49. Kxg6 Nxf4+ 0-1

[Event "CZE-ch Juniors op-A"]
[Site "Sec u Chrudimi"]
[Date "2007.03.11"]
[Round "2"]
[White "Shanel, Jaroslav"]
[Black "Reitingerova, Iveta"]
[Result "1-0"]
[WhiteElo "2167"]
[BlackElo "1988"]
[PlyCount "69"]
[EventDate "2007.03.10"]
[EventType "swiss"]
[EventRounds "9"]
[EventCountry "CZE"]
[SourceTitle "EXT 2008"]
[Source "ChessBase"]
[SourceDate "2007.11.25"]
[SourceVersion "1"]
[SourceVersionDate "2007.11.25"]
[SourceQuality "1"]

1. e4 c5 2. b3 Nc6 3. Nc3 g6 4. Nf3 Bg7 5. Bb2 e6 6. Bb5 Nge7 7. 0-0 0-0 8. Bxc6 Nxc6 9. Na4 Qa5 10. Bxg7 Kxg7 11. d4 cxd4 12. Nxd4 Rd8 13. c4 d5 14. Nxc6 bxc6 15. Qd4+ Kg8 16. cxd5 cxd5 17. e5 Rb8 18. Rac1 Rb4 19. Qa1 Bd7 20. Nc5 Rb5 21. Nd3 Qb6 22. b4 d4 23. a4 Rd5 24. Rc2 f6 25. f4 Rf8 26. exf6 Rxf6 27. Rc5 Qd6 28. Qa2 Rxc5 29. bxc5 Qa6 30. Ne5 Bc8 31. Qc2 Qa5 32. g3 Ba6 33. Ra1 g5 34. Qe4 Qxc5 35. Nd7 1-0

[Event "CZE-ch Juniors op-A"]
[Site "Sec u Chrudimi"]
[Date "2007.03.10"]
[Round "1"]
[White "Reitingerova, Iveta"]
[Black "Strakos, Tomas"]
[Result "1-0"]
[WhiteElo "1988"]
[BlackElo "1824"]
[PlyCount "39"]
[EventDate "2007.03.10"]
[EventType "swiss"]
[EventRounds "9"]
[EventCountry "CZE"]
[SourceTitle "EXT 2008"]
[Source "ChessBase"]
[SourceDate "2007.11.25"]
[SourceVersion "1"]
[SourceVersionDate "2007.11.25"]
[SourceQuality "1"]

1. e4 c5 2. Nf3 d6 3. d4 cxd4 4. Nxd4 Nf6 5. Nc3 a6 6. Be2 e6 7. Be3 Be7 8. Qd2 Qc7 9. 0-0-0 b5 10. f3 Nc6 11. Nxc6 Qxc6 12. g4 b4 13. Nb1 a5 14. g5 Nd7 15. Rhf1 Ne5 16. Qd4 0-0 17. f4 Ng6 18. f5 e5 19. Qd2 Qxe4 20. Bf3 1-0

[Event "CZE-chT2b 0506"]
[Site "Czech Republic"]
[Date "2006.02.12"]
[Round "7.6"]
[White "Kozlovsky, Libor"]
[Black "Reitingerova, Iveta"]
[Result "0-1"]
[WhiteElo "2067"]
[BlackElo "2015"]
[PlyCount "140"]
[EventDate "2005.10.16"]
[EventType "team-tourn"]
[EventRounds "11"]
[EventCountry "CZE"]
[SourceTitle "EXT 2009"]
[Source "ChessBase"]
[SourceDate "2008.11.26"]
[SourceVersion "1"]
[SourceVersionDate "2008.11.26"]
[SourceQuality "1"]

1. d4 Nf6 2. c4 g6 3. Nc3 Bg7 4. e4 d6 5. f3 0-0 6. Be3 e5 7. d5 Bd7 8. Nge2 Na6 9. g4 c5 10. Ng3 Nc7 11. Qd2 a6 12. h4 b5 13. h5 bxc4 14. Bh6 Qe7 15. Bxc4 Nb5 16. Bxb5 axb5 17. Bg5 b4 18. Nd1 Rfc8 19. Kf2 Rab8 20. a3 Qd8 21. Ne3 c4 22. axb4 Qb6 23. h6 Bh8 24. Rhb1 Qxb4 25. Qxb4 Rxb4 26. Ne2 Rcb8 27. Nd1 Ba4 28. Nec3 Bxd1 29. Nxd1 Nd7 30. Ra6 R4b6 31. Rba1 Kf8 32. Rxb6 Nxb6 33. Ra6 Nc8 34. Rc6 f6 35. Be3 f5 36. g5 Ke8 37. Rxc4 Kd7 38. Ke2 Rb3 39. Kd2 f4 40. Bf2 Rxf3 41. Rc3 Rxc3 42. Kxc3 Ne7 43. Kc4 Kc7 44. Nc3 Ng8 45. Bh4 Bf6 46. gxf6 Nxh6 47. Kb5 Kb7 48. Kc4 Nf7 49. Kd3 g5 50. Be1 h5 51. Ke2 Kb6 52. b4 g4 53. Bh4 Ka6 54. Kf2 Kb6 55. Kg2 Ka6 56. Bf2 Ng5 57. Bh4 Nf7 58. b5+ Kb6 59. Bf2+ Kb7 60. Nb1 Ng5 61. Na3 g3 62. Nc4 h4 63. Nxd6+ Kc7 64. Bxg3 h3+ 65. Kh2 fxg3+ 66. Kxg3 Kxd6 67. f7 Nxf7 68. Kxh3 Ng5+ 69. Kg4 Nxe4 70. Kf5 Nc5 0-1

[Event "CZE-chT U18 0506"]
[Site "Czech Republic"]
[Date "2006.01.14"]
[Round "5.1"]
[White "Oresky, Jan"]
[Black "Reitingerova, Iveta"]
[Result "0-1"]
[WhiteElo "1955"]
[BlackElo "1889"]
[PlyCount "94"]
[EventDate "2005.10.08"]
[EventType "team-tourn"]
[EventRounds "11"]
[EventCountry "CZE"]
[SourceTitle "EXT 2009"]
[Source "ChessBase"]
[SourceDate "2008.11.26"]
[SourceVersion "1"]
[SourceVersionDate "2008.11.26"]
[SourceQuality "1"]
[WhiteTeam "Liberec"]
[BlackTeam "Most"]
[WhiteTeamCountry "CZE"]
[BlackTeamCountry "CZE"]

1. e4 c5 2. Nf3 d6 3. d4 cxd4 4. Nxd4 Nf6 5. Nc3 a6 6. f3 e5 7. Nb3 Be6 8. Be3 Nbd7 9. Qd2 Qc7 10. 0-0-0 b5 11. Kb1 Rb8 12. g4 Nb6 13. g5 Nfd7 14. Nd5 Bxd5 15. exd5 Nc4 16. Qc3 Na3+ 17. Kc1 Qxc3 18. bxc3 Nb6 19. Bxb6 Rxb6 20. Nd2 Be7 21. Kb2 Nc4+ 22. Bxc4 bxc4+ 23. Ka1 Rb5 24. Ne4 0-0 25. Rhg1 Kh8 26. h4 f6 27. gxf6 gxf6 28. h5 Rg8 29. Rxg8+ Kxg8 30. Ng3 Bd8 31. Rb1 Ba5 32. Rxb5 axb5 33. Kb2 Bb6 34. Nf5 Bc5 35. Kc1 Kf7 36. Kb2 Ke8 37. Kc1 Kd7 38. Kb2 Kc7 39. Kc1 Ba3+ 40. Kb1 Kb6 41. Ng3 Kc5 42. Ne4+ Kxd5 43. Nxf6+ Ke6 44. Nxh7 Kf5 45. Nf8 d5 46. Nd7 e4 47. fxe4+ dxe4 0-1

[Event "CZE Juniorcentrum op-A"]
[Site "Sec u Chrudimi"]
[Date "2005.10.28"]
[Round "8"]
[White "Reitingerova, Iveta"]
[Black "Trepka, Jan"]
[Result "1-0"]
[WhiteElo "2008"]
[BlackElo "2037"]
[PlyCount "45"]
[EventDate "2005.10.22"]
[EventType "swiss"]
[EventRounds "9"]
[EventCountry "CZE"]
[SourceTitle "EXT 2008"]
[Source "ChessBase"]
[SourceDate "2007.11.25"]
[SourceVersion "1"]
[SourceVersionDate "2007.11.25"]
[SourceQuality "1"]

1. e4 c6 2. Nf3 d5 3. Nc3 Bg4 4. exd5 cxd5 5. Bb5+ Nc6 6. h3 Bxf3 7. Qxf3 e6 8. 0-0 Nf6 9. Re1 Bd6 10. Ba4 a6 11. d3 0-0 12. Bf4 b5 13. Bb3 Rc8 14. Bxd6 Qxd6 15. Ne2 Rfd8 16. Rad1 a5 17. a4 bxa4 18. Bxa4 Qb4 19. b3 Nd4 20. Nxd4 Qxd4 21. c4 Qb6 22. g4 g6 23. Qxf6 1-0

[Event "CZE Juniorcentrum op-A"]
[Site "Sec u Chrudimi"]
[Date "2005.10.22"]
[Round "1"]
[White "Ulrich, David"]
[Black "Reitingerova, Iveta"]
[Result "0-1"]
[WhiteElo "1772"]
[BlackElo "2008"]
[PlyCount "70"]
[EventDate "2005.10.22"]
[EventType "swiss"]
[EventRounds "9"]
[EventCountry "CZE"]
[SourceTitle "EXT 2008"]
[Source "ChessBase"]
[SourceDate "2007.11.25"]
[SourceVersion "1"]
[SourceVersionDate "2007.11.25"]
[SourceQuality "1"]

1. e4 c5 2. Nf3 d6 3. c3 Nc6 4. Be2 g6 5. 0-0 Bg7 6. d3 e6 7. Nbd2 Nge7 8. Nc4 0-0 9. Bf4 d5 10. Ncd2 e5 11. exd5 Nxd5 12. Be3 b6 13. Qc2 Ba6 14. Nb3 Nce7 15. Rfe1 Nxe3 16. fxe3 Nd5 17. Bf1 Bh6 18. e4 Ne3 19. Rxe3 Bxe3+ 20. Kh1 Qc7 21. Qe2 Bh6 22. c4 Rad8 23. Qf2 Qe7 24. Be2 Bc8 25. Nbd2 f5 26. Nf1 fxe4 27. dxe4 Bb7 28. Ne3 Bxe4 29. Ng4 Bg7 30. Qe3 Ba8 31. Re1 e4 32. Nd2 Qh4 33. Bd1 Rd3 34. Qe2 Rfd8 35. Nxe4 Qxe1+ 0-1

[Event "Plzen op-A 10th"]
[Site "Plzen"]
[Date "2004.??.??"]
[Round "1"]
[White "Chalus, Karel"]
[Black "Reitingerova, Iveta"]
[Result "1/2-1/2"]
[WhiteElo "2120"]
[BlackElo "1840"]
[PlyCount "98"]
[EventDate "2004.08.??"]
[EventType "swiss"]
[EventRounds "9"]
[EventCountry "CZE"]
[SourceTitle "EXT 2007"]
[Source "ChessBase"]
[SourceDate "2006.11.23"]
[SourceVersion "1"]
[SourceVersionDate "2006.11.23"]
[SourceQuality "1"]

1. e4 c5 2. Nf3 d6 3. d4 cxd4 4. Nxd4 Nf6 5. Nc3 a6 6. Be2 e5 7. Nb3 Be6 8. 0-0 Nbd7 9. Bf3 Qc7 10. Re1 Be7 11. Nd2 0-0 12. Nf1 Rac8 13. Ne3 b5 14. a3 Nb6 15. Bd2 Rfd8 16. Ned5 Bxd5 17. Nxd5 Nfxd5 18. exd5 Bf6 19. Be4 g6 20. Ba5 Qb7 21. Qf3 Bg7 22. g4 Rf8 23. Rad1 Na4 24. Bb4 Qd7 25. g5 Nxb2 26. Rb1 Na4 27. Qg3 Nc5 28. Bg2 Qd8 29. Bh3 Rb8 30. Qe3 Qc7 31. Rec1 a5 32. Bd2 f5 33. gxf6 Bxf6 34. Bf1 Bh4 35. Be1 Qd7 36. Bh3 Qe7 37. Rd1 Rf4 38. f3 Bg5 39. Qe2 e4 40. Bg2 Re8 41. Bg3 exf3 42. Qxe7 f2+ 43. Bxf2 Rxe7 44. Bg3 Rf6 45. Rxb5 Re2 46. Rf1 Rxc2 47. Rxf6 Bxf6 48. h3 Bd4+ 49. Kh2 Ne4 1/2-1/2

[Event "Plzen op-A 10th"]
[Site "Plzen"]
[Date "2004.??.??"]
[Round "7"]
[White "Mitterhuemer, Guenter"]
[Black "Reitingerova, Iveta"]
[Result "1-0"]
[WhiteElo "2075"]
[BlackElo "1840"]
[PlyCount "63"]
[EventDate "2004.08.??"]
[EventType "swiss"]
[EventRounds "9"]
[EventCountry "CZE"]
[SourceTitle "EXT 2007"]
[Source "ChessBase"]
[SourceDate "2006.11.23"]
[SourceVersion "1"]
[SourceVersionDate "2006.11.23"]
[SourceQuality "1"]

1. e4 d6 2. d4 Nf6 3. Nc3 g6 4. f4 Bg7 5. Nf3 c6 6. Bd3 0-0 7. 0-0 b5 8. h3 b4 9. Ne2 Ba6 10. g4 c5 11. c3 Bxd3 12. Qxd3 a5 13. e5 Nfd7 14. e6 Nb6 15. Ng5 f6 16. Nf7 Qc7 17. h4 Rxf7 18. exf7+ Kxf7 19. f5 N8d7 20. fxg6+ hxg6 21. h5 Nf8 22. Nf4 c4 23. hxg6+ Kg8 24. Qh3 e5 25. Nh5 Qe7 26. g5 Nd5 27. Qg2 e4 28. Bd2 Re8 29. Rf5 Qe6 30. Raf1 Nd7 31. Qh2 Qe7 32. Rxd5 1-0

[Event "Plzen op-B 9th"]
[Site "Plzen"]
[Date "2003.??.??"]
[Round "7"]
[White "Martinek, P."]
[Black "Reitingerova, Iveta"]
[Result "1/2-1/2"]
[WhiteElo "1827"]
[BlackElo "1863"]
[PlyCount "127"]
[EventDate "2003.08.??"]
[EventType "swiss"]
[EventRounds "9"]
[EventCountry "CZE"]
[SourceTitle "EXT 2005"]
[Source "ChessBase"]
[SourceDate "2004.11.15"]
[SourceVersion "1"]
[SourceVersionDate "2004.11.15"]
[SourceQuality "1"]

1. b3 e5 2. e4 Nc6 3. Bc4 Nf6 4. Nc3 Nxe4 5. Bxf7+ Kxf7 6. Nxe4 d5 7. Nc3 Be6 8. Nge2 Bc5 9. Ng3 Rf8 10. 0-0 Kg8 11. d3 Qh4 12. Qe1 Rf6 13. Be3 Bb4 14. Bd2 Bxc3 15. Bxc3 Rh6 16. h3 Bxh3 17. Bd2 Bxg2 18. Bxh6 Bxf1 19. Bxg7 Qh3 20. Qxf1 Qxf1+ 21. Nxf1 Kxg7 22. Ne3 Rd8 23. c4 d4 24. Nd5 Rxd5 25. cxd5 Nb4 26. Rc1 Nxd5 27. Kg2 c6 28. Kf3 Nc3 29. Rg1+ Kf7 30. Rg5 Kf6 31. Rh5 Nxa2 32. Rxh7 Nc1 33. Rxb7 Nxd3 34. Rxa7 Kf5 35. Rf7+ Ke6 36. Rh7 c5 37. Rb7 Kd5 38. Ke2 e4 39. Rb8 Nf4+ 40. Kd2 Nd3 41. Rd8+ Ke5 42. Re8+ Kd5 43. f3 Nf2 44. Ke2 e3 45. f4 Ng4 46. f5 Kd6 47. Re6+ Kd5 48. Rg6 Ne5 49. Ra6 Ke4 50. f6 d3+ 51. Kf1 Kf3 52. Ke1 d2+ 53. Kd1 Kf2 54. Ra1 Nf3 55. f7 e2+ 56. Kc2 e1Q 57. Rxe1 dxe1Q 58. f8Q Qe4+ 59. Kc3 Qd4+ 60. Kc2 Qd2+ 61. Kb1 Qd3+ 62. Kb2 Qd4+ 63. Kc2 Ke1 64. Qxf3 1/2-1/2

[Event "Volyne op-A"]
[Site "Volyne"]
[Date "2003.??.??"]
[Round "?"]
[White "Reitingerova, Iveta"]
[Black "Jaros, Martin"]
[Result "0-1"]
[WhiteElo "1828"]
[BlackElo "2169"]
[PlyCount "34"]
[EventDate "2003.??.??"]
[EventType "swiss"]
[EventRounds "9"]
[EventCountry "CZE"]
[SourceTitle "EXT 2005"]
[Source "ChessBase"]
[SourceDate "2004.11.15"]
[SourceVersion "1"]
[SourceVersionDate "2004.11.15"]
[SourceQuality "1"]

1. e4 e5 2. d4 exd4 3. Qxd4 Nc6 4. Qe3 Nf6 5. Nc3 Be7 6. Bd2 d5 7. exd5 Nxd5 8. Nxd5 Qxd5 9. Ne2 Bg4 10. Nc3 Qd7 11. f3 0-0-0 12. fxg4 Bh4+ 13. Kd1 Rhe8 14. Qd3 Qe6 15. Qe2 Qd6 16. Qd3 Qe5 17. Qe4 Qc5 0-1

[Event "Plzen op-B 9th"]
[Site "Plzen"]
[Date "2003.??.??"]
[Round "6"]
[White "Reitingerova, Iveta"]
[Black "Rehak, Michal"]
[Result "1-0"]
[WhiteElo "1863"]
[BlackElo "1580"]
[PlyCount "57"]
[EventDate "2003.08.??"]
[EventType "swiss"]
[EventRounds "9"]
[EventCountry "CZE"]
[SourceTitle "EXT 2005"]
[Source "ChessBase"]
[SourceDate "2004.11.15"]
[SourceVersion "1"]
[SourceVersionDate "2004.11.15"]
[SourceQuality "1"]

1. e4 c5 2. Nf3 g6 3. d4 Bg7 4. Nc3 cxd4 5. Nxd4 Nc6 6. Be3 Nf6 7. f3 0-0 8. Bc4 a6 9. Qd2 b5 10. Bb3 Bb7 11. Nde2 Qc7 12. Bh6 Rac8 13. 0-0-0 Ne5 14. h4 Nc4 15. Bxc4 Qxc4 16. Bxg7 Kxg7 17. e5 Nd5 18. h5 Rh8 19. hxg6 fxg6 20. Qh6+ Kg8 21. Rd4 Qc7 22. Qd2 Nxc3 23. Nxc3 Bc6 24. Qg5 Qd8 25. e6 Qe8 26. exd7 Bxd7 27. Nd5 Kf8 28. Re1 e5 29. Qf6+ 1-0